Contingency plans for the apocalypse : (Record no. 169325)

MARC details
000 -LEADER
fixed length control field 00585nam a22001937a 4500
005 - DATE AND TIME OF LATEST TRANSACTION
control field 20201116125623.0
010 ## - LCCN (DPL NO)
LC control number ENG-126909
020 ## - INTERNATIONAL STANDARD BOOK NUMBER
Terms of availability 399.00
International Standard Book Number 9789388322430
035 ## - SYSTEM CONTROL NUMBER
System control number EN-110441
037 ## - SOURCE OF ACQUISITION
Source of stock number/acquisition DBAD/PUB
082 ## - DEWEY DECIMAL CLASSIFICATION NUMBER
Classification number S
100 ## - MAIN ENTRY--PERSONAL NAME
Personal name Divya, S.B.
245 ## - TITLE STATEMENT
Title Contingency plans for the apocalypse :
Remainder of title and other possible situations /
Statement of responsibility, etc by S.B.Divya
260 ## - PUBLICATION, DISTRIBUTION, ETC. (IMPRINT)
Place of publication, distribution, etc Gurugram
Name of publisher, distributor, etc Hachette Book Publishing
Date of publication, distribution, etc 2019
270 ## - ADDRESS
Address 4th / 5th Floors, Corporate Centre, Plot No.94, Sector-44, Gurugram
Postal code 122003
300 ## - PHYSICAL DESCRIPTION
Extent 250p.
Dimensions 19cm(pbk)
700 ## - ADDED ENTRY--PERSONAL NAME
Personal name
942 ## - ADDED ENTRY ELEMENTS (KOHA)
Source of classification or shelving scheme Dewey Decimal Classification
Item type English Books
Classification part S
Call number suffix DIV
Holdings
Withdrawn status Lost status Not for loan Collection code Home library Current library Date acquired Source of acquisition Cost, normal purchase price Full call number Barcode Copy number Cost, replacement price Koha item type
      Non-fiction Sarojini Nagar Sarojini Nagar 14/11/2019 DBAD/PUB 399.00 S DIV EN-110441 1 399.00 English Books

© Delhi Public Library
Hit Counter
free hit counter